Edward Said : (Record no. 31145)

MARC details
000 -LEADER
fixed length control field 02490nam a2200325 i 4500
003 - CONTROL NUMBER IDENTIFIER
control field EG-ScBUE
005 - DATE AND TIME OF LATEST TRANSACTION
control field 20260218145820.0
008 - FIXED-LENGTH DATA ELEMENTS--GENERAL INFORMATION
fixed length control field 200219s2025 ua f b 001 0deng d
020 ## - INTERNATIONAL STANDARD BOOK NUMBER
International Standard Book Number 9781649031761
040 ## - CATALOGING SOURCE
Original cataloging agency EG-ScBUE
Language of cataloging eng
Description conventions rda
Transcribing agency EG-ScBUE
Modifying agency EG-ScBUE
082 04 - DEWEY DECIMAL CLASSIFICATION NUMBER
Classification number 956.04
Edition number 22
Item number HOV
100 1# - MAIN ENTRY--PERSONAL NAME
Personal name Hovsepian, Nubar,
Relator term author.
245 10 - TITLE STATEMENT
Title Edward Said :
Remainder of title the politics of an oppositional intellectual /
Statement of responsibility, etc Nubar Hovsepian ; foreword by Rashid Khalidi.
264 #1 - PUBLICATION, DISTRIBUTION, ETC. (IMPRINT)
Place of publication, distribution, etc Cairo ;
-- New York :
Name of publisher, distributor, etc The American University in Cairo Press,
Date of publication, distribution, etc 2025.
300 ## - PHYSICAL DESCRIPTION
Extent xxii, 294 pages ;
Dimensions 24 cm
336 ## - CONTENT TYPE
Content type term text
Content type code txt
Source rdacontent
337 ## - MEDIA TYPE
Media type term unmediated
Media type code n
Source rdamedia
338 ## - CARRIER TYPE
Carrier type term volume
Carrier type code nc
Source rdacarrier
504 ## - BIBLIOGRAPHY, ETC. NOTE
Bibliography, etc Includes bibliographical references and index.
505 0# - FORMATTED CONTENTS NOTE
Formatted contents note Preface : My Special Relationship with Edward Said - why it matters -- Edward Said as Oppositional Intellectual -- Orientalism and its Afterlives -- Imperialism, Culture, and the Colonial Present -- Palestine : Inclusion Without Domination -- Arafat's Man Turns Oppositional (1998-2003) -- "The Last Jewish Intellectual."
520 ## - SUMMARY, ETC.
Summary, etc "A simple and focused question guides this inquiry. How does Said's humanism inform his politics? Said wrote from the comforts of an elite university in New York City connecting his theoretical or contrapuntal insights to the political controversies of the day. Palestine/Israel and Zionism, the Arab world, the clash of Islam and the West. He went against the grain by offering a counter narrative on these thorny issues. In addition to critiquing and opposing imperialism, Said actively supported liberation movements and opposed power and state strategies to quell resistance to oppression. The Arab and Arab-American context is crucial in explaining Said's political affiliations and actions. First, the 1967 Arab-Israeli war occasions Said's rebirth as a Palestinian. In 1974, he chooses to affiliate publicly with the PLO, in conjunction with Arafat's address to the UN General Assembly. His affiliative choices inform his subsequent writing, including Orientalism, and the two books that flow out it: The Question of Palestine and Covering Islam"--
Assigning source Provided by publisher.
600 17 - SUBJECT ADDED ENTRY--PERSONAL NAME
Personal name Said, Edward W.
General subdivision Political and social views.
Source of heading or term BUEsh
650 #7 - SUBJECT ADDED ENTRY--TOPICAL TERM
Topical term or geographic name as entry element Orientalism.
Source of heading or term BUEsh
650 #7 - SUBJECT ADDED ENTRY--TOPICAL TERM
Topical term or geographic name as entry element Imperialism.
Source of heading or term BUEsh
650 #7 - SUBJECT ADDED ENTRY--TOPICAL TERM
Topical term or geographic name as entry element Arab-Israeli conflict.
Source of heading or term BUEsh
653 ## - INDEX TERM--UNCONTROLLED
Arrived date list February2026
Resource For college Generalities
655 ## - INDEX TERM--GENRE/FORM
Form subdivision Reading book
942 ## - ADDED ENTRY ELEMENTS (KOHA)
Source of classification or shelving scheme Dewey Decimal Classification
Koha item type Book - Borrowing
Holdings
Withdrawn status Lost status Source of classification or shelving scheme Damaged status Not for loan Collection code Home library Current library Shelving location Date acquired Cost, normal purchase price Total Checkouts Full call number Barcode Date last seen Cost, replacement price Price effective from Koha item type
    Dewey Decimal Classification     AUC Central Library Central Library Second Floor 18/02/2026 600.00   956.04 HOV 000057554 18/02/2026 750.00 18/02/2026 Book - Borrowing